000 00543nam a22001697a 4500
003 OSt
005 20241214101807.0
008 241022b |||||||| |||| 00| 0 eng d
040 _c0
082 _aDPer050 M72 January-March 2018 v. 66 no. 8-10
100 _aBunao, Jonald R.
_eauthor.
_963320
245 _aSway of inspiration /
_cJonald R. Bunao.
260 _aPhilippines;
_bPublishers Association of the Philippines, Inc,
_cAugust 2018.
300 _aVolume 66,page 99.
700 _aBunao, Jonald R.
_eauthor.
_963320
942 _2ddc
_cPER
999 _c22808
_d22808